Assessing the International Spillover Effects of Capital Income Taxation
Uložené v:
| Hlavný autor: | |
|---|---|
| Ďalší autori: | , |
| Médium: | Kniha |
| Jazyk: | English |
| Vydavateľské údaje: |
Wien
Institut für Höhere Studien
1994
|
| Vydanie: | 1. ed. |
| Edícia: | Research Memorandum
No. 341 |
| Predmet: | |
| Tagy: |
Žiadne tagy, Buďte prvý, kto otaguje tento záznam!
|
MARC
| LEADER | 00000nam a2200000 4500 | ||
|---|---|---|---|
| 001 | c005605 | ||
| 005 | 20221214074119.3 | ||
| 041 | 0 | |a eng | |
| 044 | |a AT | ||
| 245 | 1 | 0 | |a Assessing the International Spillover Effects of Capital Income Taxation |c Philippe Thalmann, Lawrence H. Goulder, Francois Delorme |
| 250 | |a 1. ed. | ||
| 264 | 1 | |a Wien |b Institut für Höhere Studien |c 1994 | |
| 300 | |a 26 s. | ||
| 490 | 1 | |a Research Memorandum |v No. 341 | |
| 830 | 0 | |a Research Memorandum |v No. 341 | |
| 610 | 2 | 0 | |a makroekonomika |
| 610 | 2 | 0 | |a USA |
| 610 | 2 | 0 | |a dane |
| 610 | 2 | 0 | |a kapitál |
| 610 | 2 | 0 | |a modely |
| 100 | 1 | |a Thalmann, Philippe | |
| 700 | 1 | |a Goulder, Lawrence H. | |
| 700 | 1 | |a Delorme, Francois | |